| 000 | 00538nam a2200181Ia 4500 | ||
|---|---|---|---|
| 003 | OSt | ||
| 005 | 20230524144737.0 | ||
| 008 | 210423s2001 xx 000 0 und d | ||
| 040 | _cAL | ||
| 041 | _aeng | ||
| 082 |
_a370 _223 _bVIRE |
||
| 100 |
_aVIRURU (Radhika). _9112494 |
||
| 245 | _aEarly childhood education: post colonial perspectives from india. | ||
| 260 |
_aNew Delhi _bSage Publications _c2001 |
||
| 365 |
_b225 _cINR |
||
| 906 | _achildhood ; colonial ; Early ; education: ; india. ; perspectives ; post | ||
| 942 |
_2ddc _cBK |
||
| 999 |
_c172848 _d172848 |
||